[Event "DEM U10w 2016"]
[Site "Willingen GER"]
[Date "2016.05.16"]
[Round "3"]
[White "Müller, Alina"]
[Black "Butenandt, Svenja"]
[Result "0-1"]
[Termination "normal"]
[Board "1"]
[WhiteElo "1159"]
[BlackElo "1451"]
[WhiteClock "00:07:38"]
[BlackClock "00:07:33"]
[PlyCount "152"]
[WhiteFideId "16265939"]
[BlackFideId "12993859"]
[EventCountry "GER"]
[EventRounds "11"]
[EventType "swiss"]
[EventDate "2016.05.14"]

1. d4 d5 2. c4 e6 3. Nc3 Nf6 4. cxd5 exd5 5. Bg5 Nbd7 6. e3 c6 7. Bd3 Be7 8.
Nge2 Nh5 9. Bxe7 Qxe7 10. O-O O-O 11. Qc2 g6 12. Rfe1 Ng7 13. Ng3 Nb6 14. f3
Qf6 15. Nge2 Nf5 16. Bxf5 Bxf5 17. e4 dxe4 18. fxe4 Be6 19. Rad1 Rfd8 20. e5
Qg5 21. Ne4 Qe7 22. Nf4 Bf5 23. Qc3 Bxe4 24. Rxe4 Rac8 25. Qb3 Nd5 26. Nxd5
Rxd5 27. Qh3 Rcd8 28. Qe3 h5 29. e6 fxe6 30. Rxe6 Qg5 31. Qxg5 Rxg5 32. Re7 Rb5
33. b3 Kf8 34. Re3 Rbd5 35. Re4 R8d7 36. Rf1+ Kg7 37. Rd1 c5 38. Rde1 Rxd4 39.
Re7+ Kh6 40. Re8 Rd1 41. h3 Rxe1+ 42. Rxe1 Rd2 43. Re7 Rxa2 44. Rxb7 Ra3 45.
Kf2 Kg5 46. Rb5 Kf4 47. g3+ Ke4 48. b4 cxb4 49. Rxb4+ Kf5 50. Rb5+ Kf6 51. Rc5
a5 52. Rc6+ Kg5 53. Rc5+ Kh6 54. g4 h4 55. g5+ Kh5 56. Rd5 a4 57. Ra5 Rxh3 58.
Rxa4 Kxg5 59. Ra5+ Kh6 60. Ra6 Rg3 61. Ra1 Kh5 62. Rg1 Rxg1 63. Kxg1 Kg4 64.
Kg2 g5 65. Kh2 Kf3 66. Kg1 Kg3 67. Kh1 Kf2 68. Kh2 g4 69. Kh1 Kf1 70. Kh2 g3+
71. Kh3 g2 72. Kxh4 g1=Q 73. Kh5 Qg7 74. Kh4 Kf2 75. Kh5 Kf3 76. Kh4 Qg4# 0-1

[Event "DEM U10w 2016"]
[Site "Willingen GER"]
[Date "2016.05.16"]
[Round "3"]
[White "Zhou, Lepu Coco"]
[Black "Peglau, Charis"]
[Result "1/2-1/2"]
[Termination "normal"]
[Board "2"]
[WhiteElo "1645"]
[BlackElo "1097"]
[WhiteClock "00:47:17"]
[BlackClock "01:10:14"]
[PlyCount "131"]
[WhiteFideId "16217136"]
[BlackFideId "16219996"]
[EventCountry "GER"]
[EventRounds "11"]
[EventType "swiss"]
[EventDate "2016.05.14"]

1. e4 e6 2. d4 d5 3. f3 Nc6 4. Bb5 Bd7 5. Ne2 Nge7 6. O-O f5 7. e5 a6 8. Bxc6
Nxc6 9. Nbc3 Qh4 10. f4 Nd8 11. Qe1 Qh6 12. Rf3 Nf7 13. Rh3 Qg6 14. Qg3 Qxg3
15. Rxg3 Nh6 16. Bd2 O-O-O 17. Nc1 g6 18. Nb3 Nf7 19. Re1 Re8 20. Ree3 Nd8 21.
a3 Nc6 22. Rd3 Rg8 23. Na4 b6 24. Rh3 h5 25. Rhf3 Be7 26. Be3 g5 27. fxg5 Bxg5
28. Bxg5 Rxg5 29. Rg3 Reg8 30. Kf2 h4 31. Rxg5 Rxg5 32. Nd2 Kb7 33. Rh3 Nxd4
34. c3 Nc2 35. Rxh4 Rg4 36. Rxg4 fxg4 37. b3 Bxa4 38. bxa4 Nxa3 39. Kg3 Nc2 40.
Kxg4 Ne3+ 41. Kh3 b5 42. axb5 a5 43. g4 a4 44. g5 a3 45. g6 Nf5 46. Kg4 Ng7 47.
Kg5 a2 48. Nb3 Kb6 49. Kf6 Nh5+ 50. Kf7 Kxb5 51. g7 Nxg7 52. Kxg7 Kc4 53. Na1
Kxc3 54. h4 d4 55. h5 d3 56. h6 d2 57. h7 d1=Q 58. h8=Q Qg4+ 59. Kf8 Qf5+ 60.
Qf6 Qxf6+ 61. exf6 Kb2 62. Ke7 Kxa1 63. f7 Kb1 64. f8=Q a1=Q 65. Qf1+ Ka2 66.
Qa6+ 1/2-1/2

[Event "DEM U10w 2016"]
[Site "Willingen GER"]
[Date "2016.05.16"]
[Round "3"]
[White "Becker, Linda"]
[Black "Bashylina, Luisa"]
[Result "1-0"]
[Termination "normal"]
[Board "3"]
[WhiteElo "1093"]
[BlackElo "1664"]
[WhiteClock "01:06:14"]
[BlackClock "00:38:32"]
[PlyCount "157"]
[WhiteFideId "16244753"]
[BlackFideId "12983292"]
[EventCountry "GER"]
[EventRounds "11"]
[EventType "swiss"]
[EventDate "2016.05.14"]

1. e4 c5 2. Nc3 e6 3. g3 a6 4. Bg2 Qc7 5. f4 Nc6 6. Nf3 b5 7. e5 Bb7 8. d3
O-O-O 9. Be3 d5 10. d4 Qd7 11. Qd2 c4 12. O-O Bb4 13. a3 Ba5 14. b4 cxb3 15.
cxb3 Kb8 16. b4 Bb6 17. a4 Nxb4 18. Nxb5 axb5 19. Qxb4 Ba6 20. a5 Ba7 21. Rfc1
Ne7 22. Rc2 Nc6 23. Qc3 Rc8 24. Qd2 Rc7 25. Bf1 Rhc8 26. Rac1 h6 27. Rc3 Ne7
28. Rxc7 Rxc7 29. Rxc7 Qxc7 30. Qb4 Qd7 31. Nd2 Nf5 32. Qf8+ Bc8 33. Bf2 h5 34.
h3 g6 35. g4 hxg4 36. hxg4 Nxd4 37. Bxd4 Bxd4+ 38. Kg2 Ka7 39. Qb4 Be3 40. Bxb5
Qb7 41. Nb1 d4+ 42. Kg3 d3 43. Nc3 d2 44. a6 Qh1 45. Qe7+ Kb8 46. a7+ Bxa7 47.
Qd6+ Kb7 48. Ba6+ Ka8 49. Bxc8 Qg1+ 50. Kh4 Qf2+ 51. Kg5 Qb6 52. Qxb6 Bxb6 53.
Kf6 Kb8 54. Bd7 Kc7 55. Kxf7 Kxd7 56. Kxg6 Kc6 57. f5 Bd4 58. Nd1 Bxe5 59. fxe6
Kd6 60. Kf7 Bf4 61. e7 Kd5 62. e8=Q Kd4 63. Qd7+ Kc4 64. Qa4+ Kd3 65. Qxf4 Kc2
66. Qxd2+ Kxd2 67. g5 Kd3 68. g6 Kd4 69. g7 Ke4 70. g8=Q Ke5 71. Qd8 Ke4 72.
Kf6 Kf4 73. Qe7 Kg3 74. Qe4 Kh3 75. Qg6 Kh2 76. Kf5 Kh3 77. Kf4 Kh2 78. Qg3+
Kh1 79. Nf2# 1-0

[Event "DEM U10w 2016"]
[Site "Willingen GER"]
[Date "2016.05.16"]
[Round "3"]
[White "Keymer, Cecilia"]
[Black "Schneider, Anna"]
[Result "0-1"]
[Termination "normal"]
[Board "4"]
[WhiteElo "923"]
[BlackElo "1365"]
[WhiteClock "00:07:28"]
[BlackClock "00:08:46"]
[PlyCount "152"]
[WhiteFideId "16233468"]
[BlackFideId "16200527"]
[EventCountry "GER"]
[EventRounds "11"]
[EventType "swiss"]
[EventDate "2016.05.14"]

1. d4 d5 2. c4 e6 3. Nc3 c5 4. e3 Nc6 5. Nf3 Nf6 6. Bd3 cxd4 7. exd4 Bd6 8. Qe2
Qe7 9. cxd5 exd5 10. Qxe7+ Bxe7 11. Be3 Nb4 12. Rd1 Nxd3+ 13. Rxd3 Bf5 14. Rd1
O-O 15. Ne5 Rad8 16. O-O Rfe8 17. Rfe1 h6 18. h3 Rc8 19. Rc1 Bb4 20. a3 Bd6 21.
Nf3 a6 22. Nh4 Bd7 23. Rcd1 b5 24. Rd3 a5 25. Bd2 b4 26. axb4 Bxb4 27. Rxe8+
Rxe8 28. Nf3 Bf5 29. Re3 Ra8 30. Ne5 Rc8 31. Nf3 Bd7 32. Ne1 Bf5 33. Rf3 Be4
34. Re3 Rc4 35. Nxe4 dxe4 36. Bxb4 axb4 37. Rb3 Rxd4 38. Nc2 Rd7 39. Rxb4 Re7
40. Ne3 Re8 41. b3 Nd7 42. Rb5 Rc8 43. Kh2 Rc3 44. Nd5 Rc2 45. Kg3 g5 46. b4
Kg7 47. Rb7 Nf6 48. Nc7 Rd2 49. Ne6+ Kg6 50. Nc7 Nh5+ 51. Kh2 Rxf2 52. Kg1 e3
53. Rb6+ f6 54. Re6 Re2 55. b5 Re1+ 56. Kh2 e2 57. Rxe2 Rxe2 58. b6 Rb2 59. Nd5
Nf4 60. Ne7+ Kf7 61. Nc8 Ke6 62. Na7 Rxb6 63. Nc8 Rb2 64. Kg3 Rxg2+ 65. Kf3 Re2
66. Nb6 Kf5 67. Nc4 Kg6 68. Ne3 f5 69. h4 Rh2 70. Ng2 Rxg2 71. h5+ Kxh5 72. Ke3
Kg4 73. Kd4 h5 74. Ke5 h4 75. Kf6 h3 76. Ke5 h2 0-1

[Event "DEM U10w 2016"]
[Site "Willingen GER"]
[Date "2016.05.16"]
[Round "3"]
[White "Nguyen, Phuong Thao Vivien"]
[Black "Baltic, Sara"]
[Result "1-0"]
[Termination "normal"]
[Board "5"]
[WhiteElo "1578"]
[BlackElo "1149"]
[WhiteClock "00:18:58"]
[BlackClock "00:18:29"]
[PlyCount "149"]
[WhiteFideId "16210735"]
[BlackFideId "16210409"]
[EventCountry "GER"]
[EventRounds "11"]
[EventType "swiss"]
[EventDate "2016.05.14"]

1. e4 e6 2. d3 d5 3. Nd2 Bd6 4. Ngf3 c5 5. g3 Nc6 6. Bg2 Nge7 7. O-O O-O 8. Re1
b6 9. e5 Bc7 10. Nf1 Ng6 11. Bg5 Qd7 12. c3 Ncxe5 13. Nxe5 Nxe5 14. h4 Ba6 15.
c4 Rab8 16. Bf4 Ng6 17. Bxc7 Qxc7 18. cxd5 exd5 19. Bxd5 Rbd8 20. Be4 Rfe8 21.
Qc2 Re6 22. Ne3 Ne7 23. Rad1 Red6 24. b4 Rc8 25. Nf5 Rd7 26. Qb2 f6 27. Nxe7+
Rxe7 28. Bd5+ Kf8 29. Rxe7 Qxe7 30. Qa3 Bb7 31. Bxb7 Qxb7 32. bxc5 bxc5 33. d4
Qe7 34. dxc5 Rxc5 35. Qd3 g6 36. Qd2 Rh5 37. Re1 Qc7 38. Qb4+ Qc5 39. Qb8+ Kg7
40. Qe8 Re5 41. Qd7+ Kg8 42. Qd8+ Qf8 43. Qxf8+ Kxf8 44. Rb1 Kf7 45. Rb7+ Re7
46. Rb2 f5 47. Kg2 h6 48. Kf3 Kf6 49. Rc2 Re5 50. Rc6+ Re6 51. Rc7 Re7 52. Rxe7
Kxe7 53. Ke3 Kd6 54. Kd4 a5 55. a4 g5 56. hxg5 hxg5 57. f3 f4 58. g4 Ke6 59.
Ke4 Kd6 60. Kf5 Kd5 61. Kxg5 Kc5 62. Kxf4 Kb4 63. g5 Kxa4 64. g6 Kb3 65. g7 a4
66. g8=Q+ Kb4 67. Qa2 Kb5 68. Ke4 Kb4 69. Kd3 a3 70. Kc2 Kb5 71. Qxa3 Kb6 72.
Kc3 Kb5 73. Qd6 Ka5 74. Kc4 Ka4 75. Qb4# 1-0

[Event "DEM U10w 2016"]
[Site "Willingen GER"]
[Date "2016.05.16"]
[Round "3"]
[White "Roncea, Andreea-Alexandra"]
[Black "Pohle, Saskia"]
[Result "0-1"]
[Termination "normal"]
[Board "6"]
[WhiteElo "857"]
[BlackElo "1228"]
[WhiteClock "00:36:19"]
[BlackClock "00:40:53"]
[PlyCount "142"]
[WhiteFideId "16233115"]
[BlackFideId "16201604"]
[EventCountry "GER"]
[EventRounds "11"]
[EventType "swiss"]
[EventDate "2016.05.14"]

1. e4 e5 2. Nc3 Nf6 3. f4 d6 4. f5 Be7 5. Nf3 Nc6 6. Bb5 Bd7 7. d3 a6 8. Bc4
O-O 9. O-O Nd4 10. Bg5 h6 11. Bh4 Nh7 12. Bg3 Ng5 13. Nxd4 exd4 14. Nd5 c6 15.
Nf4 c5 16. Ng6 Re8 17. c3 dxc3 18. bxc3 Bb5 19. Bd5 Bc6 20. Bb3 b5 21. Nf4 Qd7
22. h4 Nh7 23. Qh5 Bf6 24. Rac1 Kf8 25. Nh3 d5 26. Rfe1 dxe4 27. dxe4 Rxe4 28.
Rxe4 Bxe4 29. Bd6+ Kg8 30. Bf4 Bxf5 31. Rd1 Bg4 32. Rxd7 Bxh5 33. Bd5 Rd8 34.
Rxd8+ Bxd8 35. g3 Bf6 36. Be3 c4 37. Bb7 Bxc3 38. Bxa6 Bg4 39. Nf4 Bd7 40. a4
bxa4 41. Bxc4 a3 42. Ba2 Nf6 43. Kf2 Ng4+ 44. Ke2 Nxe3 45. Kxe3 Bf5 46. Ke2 g5
47. hxg5 hxg5 48. Nd3 Be6 49. Bxe6 fxe6 50. Nc1 Kf7 51. Kd3 Bb2 52. Na2 Kf6 53.
Ke4 Kg6 54. g4 Kf6 55. Nb4 Ke7 56. Kd3 Kd6 57. Kc4 e5 58. Kb3 Kc5 59. Nd3+ Kd4
60. Nxb2 axb2 61. Kxb2 e4 62. Kc2 e3 63. Kd1 Kd3 64. Ke1 e2 65. Kf2 Kd2 66. Kf3
e1=Q 67. Kg2 Ke3 68. Kh2 Kf4 69. Kh3 Kf3 70. Kh2 Qg3+ 71. Kh1 Qg2# 0-1

[Event "DEM U10w 2016"]
[Site "Willingen GER"]
[Date "2016.05.16"]
[Round "3"]
[White "Antonava, Sviatlana"]
[Black "Grey, Anna"]
[Result "1/2-1/2"]
[Termination "normal"]
[Board "7"]
[WhiteElo "1156"]
[BlackElo "964"]
[PlyCount "123"]
[WhiteFideId "16216806"]
[BlackFideId "16226917"]
[EventCountry "GER"]
[EventRounds "11"]
[EventType "swiss"]
[EventDate "2016.05.14"]

1. b3 c5 2. Bb2 d5 3. Nf3 e6 4. e3 Nf6 5. Bb5+ Bd7 6. Bxd7+ Nbxd7 7. O-O Bd6 8.
d3 O-O 9. Nbd2 b5 10. c4 a6 11. Rc1 Nb6 12. d4 Rc8 13. b4 cxd4 14. c5 dxe3 15.
fxe3 Bxc5 16. bxc5 Na4 17. Ba3 Qe7 18. Qb3 Rfe8 19. Qb4 Rc7 20. Rc2 h6 21. Rfc1
Rec8 22. Nb3 Ne4 23. Nbd2 Nxd2 24. Qxd2 a5 25. Qxa5 Rd8 26. Nd4 Rcc8 27. Nxb5
Ra8 28. Qb4 Rdb8 29. Rb1 Ra7 30. c6 Qxb4 31. Rxb4 Ra6 32. c7 Rc8 33. Nd4 Nb6
34. Bb2 Nc4 35. Nb5 Raa8 36. Be5 Kh7 37. Nd6 Rxc7 38. Nxc4 Rxc4 39. Rbxc4 dxc4
40. Rxc4 Rxa2 41. Rc7 Kg6 42. Rb7 Rc2 43. h3 Ra2 44. Rb2 Ra4 45. Kh2 Ra5 46.
Bf4 Rf5 47. Rb6 Ra5 48. Kg3 Ra7 49. e4 Kh7 50. Rc6 f6 51. Rxe6 Ra3+ 52. Kg4 Ra7
53. Be3 Rb7 54. e5 fxe5 55. Rxe5 Rf7 56. g3 Rf6 57. h4 Rg6+ 58. Kh5 Rxg3 59.
Re7 Rg6 60. Rd7 Re6 61. Bd4 Rg6 62. Be3 1/2-1/2

[Event "DEM U10w 2016"]
[Site "Willingen GER"]
[Date "2016.05.16"]
[Round "3"]
[White "Bildat, Emilia"]
[Black "Müller, Helene"]
[Result "1/2-1/2"]
[Termination "normal"]
[Board "8"]
[WhiteElo "947"]
[BlackElo "1107"]
[PlyCount "40"]
[WhiteFideId "16218140"]
[BlackFideId "16240456"]
[EventCountry "GER"]
[EventRounds "11"]
[EventType "swiss"]
[EventDate "2016.05.14"]

1. d4 d5 2. Nf3 Nf6 3. Bf4 c5 4. e3 Qb6 5. Nbd2 Bg4 6. Be2 Nc6 7. c3 Qxb2 8.
Qc1 Qxc1+ 9. Rxc1 e6 10. O-O Bf5 11. h3 Be7 12. Nh4 Bg6 13. Nxg6 fxg6 14. Rb1
b6 15. Bb5 Rc8 16. Ba6 Rd8 17. Bb5 Rc8 18. Ba6 Rd8 19. Bb5 Rc8 20. Ba6 Rd8
1/2-1/2

[Event "DEM U10w 2016"]
[Site "Willingen GER"]
[Date "2016.05.16"]
[Round "3"]
[White "Krebs, Elisabeth"]
[Black "Scherf, Alexa"]
[Result "1/2-1/2"]
[Termination "normal"]
[Board "9"]
[WhiteElo "1076"]
[BlackElo "922"]
[PlyCount "44"]
[EventCountry "GER"]
[EventRounds "11"]
[EventType "swiss"]
[EventDate "2016.05.14"]

1. e4 c5 2. Nc3 d6 3. Bc4 Nf6 4. h3 Nc6 5. d3 a6 6. Nf3 e6 7. O-O Be7 8. Qd2
Bd7 9. Qe3 b5 10. Bb3 O-O 11. a3 Qc7 12. Qg5 Nxe4 13. Qf4 Nf6 14. Ne4 Nxe4 15.
dxe4 a5 16. Qg3 c4 17. Bh6 g6 18. Bxf8 Bxf8 19. Qh4 cxb3 20. Ng5 h6 21. Nf3
bxc2 22. Rac1 Na7 1/2-1/2

[Event "DEM U10w 2016"]
[Site "Willingen GER"]
[Date "2016.05.16"]
[Round "3"]
[White "Scholz, Rika"]
[Black "Werner, Rosalie"]
[Result "0-1"]
[Termination "normal"]
[Board "10"]
[WhiteElo "912"]
[BlackElo "1075"]
[PlyCount "106"]
[WhiteFideId "16240537"]
[BlackFideId "16223748"]
[EventCountry "GER"]
[EventRounds "11"]
[EventType "swiss"]
[EventDate "2016.05.14"]

1. e4 e6 2. d4 d5 3. Nc3 Nf6 4. Bd3 c5 5. e5 Nfd7 6. Bb5 Nc6 7. Nf3 f6 8. O-O
cxd4 9. Nxd4 Nxd4 10. Qxd4 a6 11. Bxd7+ Bxd7 12. h3 f5 13. b3 b6 14. Bb2 Bc5
15. Qf4 Qe7 16. a4 Qf7 17. Ne2 O-O 18. Nd4 Be7 19. c4 g5 20. Qd2 dxc4 21. bxc4
Qg6 22. a5 Rfb8 23. Nb3 Bc6 24. Ba3 Bd8 25. axb6 Bxb6 26. c5 Bc7 27. Na5 Bd5
28. c6 Bxa5 29. Qxa5 Bxc6 30. Bd6 Rc8 31. Qb6 Bb5 32. Rfe1 g4 33. hxg4 Qxg4 34.
Be7 f4 35. f3 Qg6 36. Bf6 Bc6 37. Rxa6 Bxf3 38. Qxe6+ Kf8 39. Be7+ Kg7 40.
Qxg6+ hxg6 41. Rxa8 Rxa8 42. gxf3 Kf7 43. Bc5 Ke6 44. Bd6 Rg8 45. Re4 g5 46.
Rb4 Kf5 47. Re4 Ke6 48. Kf2 Rc8 49. Kg2 Rc2+ 50. Kh3 Rc1 51. Kg4 Rg1+ 52. Kh5
Kf5 53. e6 Rh1# 0-1

[Event "DEM U10w 2016"]
[Site "Willingen GER"]
[Date "2016.05.16"]
[Round "3"]
[White "von Beckh, Frieda"]
[Black "Zöllner, Bente"]
[Result "0-1"]
[Termination "normal"]
[Board "11"]
[WhiteElo "1071"]
[BlackElo "922"]
[PlyCount "64"]
[WhiteFideId "16233751"]
[BlackFideId "16230523"]
[EventCountry "GER"]
[EventRounds "11"]
[EventType "swiss"]
[EventDate "2016.05.14"]

1. e4 c5 2. d4 cxd4 3. c3 d6 4. cxd4 Nf6 5. Nc3 g6 6. Nf3 Bg7 7. Bc4 O-O 8. O-O
Nc6 9. Qe2 Bg4 10. Rd1 Qa5 11. Bd2 Qh5 12. Qd3 Bxf3 13. Qxf3 Qxf3 14. gxf3 Nxd4
15. Kg2 Rac8 16. Bd3 Rc5 17. Be3 Nd7 18. Bb5 Nxb5 19. Bxc5 Nxc3 20. bxc3 Nxc5
21. Rab1 Bxc3 22. Rdc1 Be5 23. Rxc5 dxc5 24. Rxb7 Bd4 25. Rxa7 c4 26. Rc7 c3
27. Kf1 e5 28. Ke2 Rd8 29. Rc4 Ra8 30. a4 Rb8 31. Kd3 Rb2 32. a5 Rd2# 0-1

[Event "DEM U10w 2016"]
[Site "Willingen GER"]
[Date "2016.05.16"]
[Round "3"]
[White "Breß, Amy Charlize"]
[Black "Wilmink, Anna"]
[Result "1-0"]
[Termination "normal"]
[Board "12"]
[WhiteElo "1059"]
[BlackElo "833"]
[PlyCount "151"]
[WhiteFideId "16233786"]
[BlackFideId "16273680"]
[EventCountry "GER"]
[EventRounds "11"]
[EventType "swiss"]
[EventDate "2016.05.14"]

1. e4 e6 2. d4 d5 3. Nc3 c6 4. Nf3 Qa5 5. Bd2 Qd8 6. Bd3 Ne7 7. Qe2 Ng6 8. O-O
Bd6 9. e5 Be7 10. Be3 Bh4 11. g3 Be7 12. Qd2 Na6 13. a3 Bd7 14. Bg5 f6 15. Bf4
Qc7 16. exf6 Bd6 17. Bxd6 Qxd6 18. fxg7 Rg8 19. Qh6 O-O-O 20. Qxh7 Ne7 21. Qh6
Qc7 22. Kh1 Nf5 23. Bxf5 exf5 24. Qf4 Qxf4 25. gxf4 Rxg7 26. Rg1 Rg4 27. Rxg4
fxg4 28. Ng5 Rf8 29. Ne2 Re8 30. Re1 c5 31. b3 Bb5 32. Nf7 Kc7 33. Ne5 Nb8 34.
Ng3 Nc6 35. Rd1 Ba4 36. Rd2 Nd8 37. Re2 Bb5 38. Re3 a5 39. Nxg4 Rg8 40. Ne5 c4
41. Nf3 Nf7 42. Re7+ Kd8 43. Rxf7 Re8 44. Rxb7 Kc8 45. Re7 Bd7 46. Ng5 Rf8 47.
Rf7 Re8 48. Rf6 Re1+ 49. Kg2 Re8 50. h4 Rh8 51. h5 Kd8 52. Nf7+ Ke7 53. Rh6 Rf8
54. Rh7 Rxf7 55. Rxf7+ Kxf7 56. Kf3 Be8 57. Kg4 Kg7 58. Kg5 Bf7 59. f5 a4 60.
Ne2 Be8 61. Nf4 Bf7 62. Ne6+ Kh7 63. Kf6 Bxh5 64. Ng5+ Kg8 65. Ke7 Kg7 66. f6+
Kg6 67. f7 Kxg5 68. f8=Q Kg4 69. Qf6 Kh3 70. Qg5 Bg4 71. Qe3+ Kh4 72. Qg3+ Kh5
73. f4 Kg6 74. Qxg4+ Kh6 75. Kf6 Kh7 76. Qg7# 1-0

[Event "DEM U10w 2016"]
[Site "Willingen GER"]
[Date "2016.05.16"]
[Round "3"]
[White "Feige, Adelina"]
[Black "Derling, Charlotte"]
[Result "0-1"]
[Termination "normal"]
[Board "13"]
[WhiteElo "795"]
[BlackElo "974"]
[PlyCount "50"]
[WhiteFideId "16265955"]
[BlackFideId "16222237"]
[EventCountry "GER"]
[EventRounds "11"]
[EventType "swiss"]
[EventDate "2016.05.14"]

1. e4 c5 2. Nf3 d6 3. Bb5+ Bd7 4. Bxd7+ Qxd7 5. c3 Nc6 6. d4 cxd4 7. cxd4 Nf6
8. Nc3 g6 9. d5 Ne5 10. Bg5 Bg7 11. h3 O-O 12. O-O Rac8 13. Qe2 e6 14. Rac1
exd5 15. exd5 Qf5 16. Bh4 Rfe8 17. Nd4 Qf4 18. Bxf6 Bxf6 19. Ncb5 Rxc1 20. Nxd6
Rxf1+ 21. Qxf1 Nf3+ 22. Nxf3 Qxd6 23. Qb5 Rc8 24. Qxb7 Rc1+ 25. Ne1 Rxe1# 0-1

[Event "DEM U10w 2016"]
[Site "Willingen GER"]
[Date "2016.05.16"]
[Round "3"]
[White "Gossing, Marie-Sophie"]
[Black "Wörz, Ann-Sophie"]
[Result "0-1"]
[Termination "normal"]
[Board "14"]
[WhiteElo "808"]
[BlackElo "1145"]
[PlyCount "130"]
[WhiteFideId "16217284"]
[BlackFideId "16265890"]
[EventCountry "GER"]
[EventRounds "11"]
[EventType "swiss"]
[EventDate "2016.05.14"]

1. e4 e5 2. Nf3 Nc6 3. Bc4 Bc5 4. c3 Nf6 5. d4 exd4 6. cxd4 Bb4+ 7. Nc3 Nxe4 8.
O-O Bxc3 9. bxc3 d5 10. Re1 O-O 11. Bb5 Nxc3 12. Qb3 Nxb5 13. Qxb5 h6 14. h3
Rb8 15. Bf4 a6 16. Qb3 Be6 17. Ne5 Nxd4 18. Qb2 Nc6 19. Rac1 Re8 20. Rb1 Bf5
21. Rbd1 Ne7 22. Qc1 g5 23. Nxf7 Kxf7 24. Bxc7 Qc8 25. Bxb8 Qxc1 26. Rxc1 Rxb8
27. Rc7 Be6 28. h4 Rc8 29. Rxc8 Nxc8 30. hxg5 hxg5 31. Kh2 d4 32. Rd1 Bxa2 33.
Rxd4 Kf6 34. Kg3 b5 35. Rd2 Be6 36. Kf3 b4 37. Ke3 Nb6 38. Rd1 Nc4+ 39. Ke2 a5
40. Rb1 Ke5 41. g3 Bf5 42. Rc1 Kd5 43. f4 g4 44. Rh1 b3 45. Rh5 Ke4 46. Rh8 Nd6
47. Rb8 a4 48. Kd2 Kf3 49. Kc3 Kxg3 50. Kb4 b2 51. Kxa4 b1=Q 52. Rxb1 Bxb1 53.
Kb4 Kxf4 54. Kc5 g3 55. Kxd6 g2 56. Kd5 g1=Q 57. Ke6 Qg5 58. Kd6 Ke4 59. Kc6
Kd4 60. Kb6 Qc5+ 61. Ka6 Bd3+ 62. Kb7 Kd5 63. Ka8 Kd6 64. Kb8 Qb6+ 65. Ka8 Be4#
0-1

[Event "DEM U10w 2016"]
[Site "Willingen GER"]
[Date "2016.05.16"]
[Round "3"]
[White "Peglau, Dora"]
[Black "Adelmeyer, Nelly"]
[Result "0-1"]
[Termination "normal"]
[Board "15"]
[WhiteElo "1066"]
[BlackElo "1086"]
[PlyCount "112"]
[WhiteFideId "16220005"]
[BlackFideId "16203577"]
[EventCountry "GER"]
[EventRounds "11"]
[EventType "swiss"]
[EventDate "2016.05.14"]

1. e4 e5 2. Nf3 Nc6 3. d4 exd4 4. Bc4 Be7 5. c3 d6 6. cxd4 Nf6 7. Nc3 O-O 8.
O-O Bg4 9. Bf4 Qd7 10. Re1 a6 11. d5 Na5 12. Be2 b5 13. Rc1 Rfe8 14. b4 Nb7 15.
a3 c5 16. Nb1 Nxe4 17. Nbd2 Nxd2 18. Qxd2 Qf5 19. Bd1 Bf6 20. h3 Bxf3 21. Bxf3
h6 22. Be3 Rac8 23. bxc5 dxc5 24. d6 Rb8 25. d7 Red8 26. Bf4 Rxd7 27. Qa2 Qxf4
28. Bxb7 Rdxb7 29. Rxc5 Rd8 30. Qc2 Rbb8 31. Rc1 Be5 32. g3 Qf6 33. Qe4 Bd4 34.
Rf5 Qb6 35. Rd1 Bxf2+ 36. Rxf2 Rxd1+ 37. Kg2 Qb7 38. Qxb7 Rxb7 39. Kf3 Rb6 40.
g4 Rf6+ 41. Kg3 Rxf2 42. Kxf2 Rd2+ 43. Ke3 Ra2 44. Kf4 Rxa3 45. h4 Rc3 46. h5
b4 47. g5 b3 48. gxh6 gxh6 49. Kf5 b2 50. Kf6 b1=Q 51. Ke5 Qb6 52. Ke4 Qb5 53.
Kd4 Rc4+ 54. Kd3 Qb3+ 55. Ke2 Rc2+ 56. Kd1 Qb1# 0-1

[Event "DEM U10w 2016"]
[Site "Willingen GER"]
[Date "2016.05.16"]
[Round "3"]
[White "Lorenz, Anouk"]
[Black "Petersen, Sophie"]
[Result "1-0"]
[Termination "normal"]
[Board "16"]
[WhiteElo "1187"]
[BlackElo "906"]
[PlyCount "51"]
[WhiteFideId "12990256"]
[BlackFideId "16229380"]
[EventCountry "GER"]
[EventRounds "11"]
[EventType "swiss"]
[EventDate "2016.05.14"]

1. e4 d5 2. exd5 Qxd5 3. Nc3 Qa5 4. Nf3 Nf6 5. Bc4 c6 6. d3 Bf5 7. Be3 e6 8. a3
Nbd7 9. O-O O-O-O 10. b4 Qc7 11. b5 Nb6 12. Qe2 Nxc4 13. dxc4 cxb5 14. Nxb5 Qd7
15. Nxa7+ Kb8 16. c5 Ne4 17. c6 bxc6 18. Rab1+ Ka8 19. Qa6 Bc5 20. Bxc5 Nxc5
21. Qxc6+ Qxc6 22. Nxc6 Rc8 23. Nce5 Bg6 24. Rb5 Rhd8 25. Rfb1 Bxc2 26. Ra5+
1-0

[Event "DEM U10w 2016"]
[Site "Willingen GER"]
[Date "2016.05.16"]
[Round "3"]
[White "Arnold, Rubina"]
[Black "Engelhardt, Wilhelmine"]
[Result "0-1"]
[Termination "normal"]
[Board "17"]
[WhiteElo "755"]
[BlackElo "1156"]
[PlyCount "68"]
[WhiteFideId "16276272"]
[BlackFideId "16245652"]
[EventCountry "GER"]
[EventRounds "11"]
[EventType "swiss"]
[EventDate "2016.05.14"]

1. e4 e6 2. Nf3 d5 3. d3 g6 4. g3 Bg7 5. Bg2 Ne7 6. O-O O-O 7. Bf4 Bxb2 8. Nbd2
Bxa1 9. Qxa1 f6 10. Nd4 Bd7 11. Qb1 Nbc6 12. Qxb7 Rb8 13. Qa6 Nxd4 14. Qxa7
Ne2+ 15. Kh1 Nxf4 16. gxf4 Ra8 17. Qd4 Rxa2 18. Qc3 Qb8 19. Rb1 Qa7 20. Bf3
Qxf2 21. d4 Ra4 22. Nb3 Rc4 23. Qd2 Qxf3+ 24. Qg2 Qxg2+ 25. Kxg2 Rxc2+ 26. Kf1
dxe4 27. Ke1 Rxh2 28. Nd2 e3 29. Nf3 Rh1+ 30. Ke2 Rxb1 31. Kxe3 Nd5+ 32. Ke4
f5+ 33. Ke5 Kg7 34. Nh4 Re1# 0-1